000 01362cad a22002055a 4500
001 L159067
008 140115s2008 xxk f 000 0 eng d
035 _a(Sirsi) u159067
041 0 _aeng
110 2 _aRoyal Institution of Chartered Surveyors
_bEducation Trust
_947
245 0 0 _aAnnual review of the RICS Education Trust 2008
_h[electronic resource]
260 _aLondon
_bRICS
_c2008
505 2 _aSensing and autonomous navigation high precision plantery landers -- Taking the Gender Equality Duty into account in regeneration -- Transaction costs, planning and housing -- Residential space standards and the retention of families in inner urban locations -- Flooding and physical planning in urban centres of West Africa -- Issues relating to problems of non-insurance and under-insurance
520 _aAnnual report of the RICS Education Trust. A particular feature of the grants that the trustees made during 2008 was a concern with the increasing impact that natural disasters are having on the built and natural environment, and ways in which built environment professionals can respond effectively to that threat.
590 _aKA
650 2 4 _aABOUT RICS
651 4 _aInternational
856 4 0 _uhttps://www.rics.org/Global/Downloads/2008AnnualReportRICSEducationTrust2009.pdf
_zView the item free of charge at www.rics.org...
942 _n0
999 _c115660
_d115660